000 00513nam a2200205Ia 4500
001 39233
008 140423s9999 xx 000 0 und d
020 _a9780419253303
040 _cPK-LaUMT
082 _a 621.042
_bTWI-R
100 _aTwidell, John
245 _aRenewable energy resources
_cTwidell, John<>Weir, Tony
250 _a2nd
260 _aLondon,UK:
_bTaylor & Francis,
_c2007
300 _a601 p.
546 _aEN
650 _aRenewable energy source
700 _aWeir, Tony
942 _cBK
999 _c38543
_d38543